| 000 | 00357pab a2200145 454500 | ||
|---|---|---|---|
| 008 | 180718b1991 xxu||||| |||| 00| 0 eng d | ||
| 100 | _aChayanika, Swatija Kamaxi | ||
| 245 |
_aReproductive technologies _bOur choice ? their control? |
||
| 260 | _c1991 | ||
| 300 | _a33-6 | ||
| 362 | _a6 Jan. | ||
| 650 | _aBirth Control | ||
| 773 | _aJanata | ||
| 909 | _a4460 | ||
| 999 |
_c4460 _d4460 |
||